000 00311 a2200085 4500
020 _a9789395664790
100 _aYadav Y.S.
_9211703
245 _aद हिरो ऑफ टायगर हिल: एका परमवीराचे आत्मकथन
260 _bBharatiya Vichar Sadhana Pune Prakashan
_c2024
999 _c365707
_d365707